عرض عادي
عرض مارك
- Lees, Nicholas
دخول Personal Name
001 - CONTROL NUMBER
- control field: 27488
003 - CONTROL NUMBER IDENTIFIER
- control field: AE-AdECS
005 - DATE AND TIME OF LATEST TRANSACTION
- control field: 20260324074425.0
008 - FIXED-LENGTH DATA ELEMENTS
- fixed length control field: 260324|| aca||aabn | a|a d
040 ## - CATALOGING SOURCE
- Original cataloging agency: AE-AdECS
- Transcribing agency: AE-AdECS
100 ## - HEADING--PERSONAL NAME
- Personal name: Lees, Nicholas
670 ## - SOURCE DATA FOUND
- Source citation: Work cat.: (AE-AdECS)294461: Lees, Nicholas, author., The International Relations of the North-South Divide :
